[Event "II. CLANSKA LIGA ZAHOD 2025"]
[Site "Komenda"]
[Date "2025.11.16"]
[Round "5.5"]
[White "Mencinger, Vojko"]
[Black "Praznik, Nikolaj"]
[Result "1-0"]
[WhiteElo "2259"]
[BlackElo "1463"]
[PlyCount "53"]
[EventDate "2025.11.14"]
[WhiteTeam "SD GORENJKA LESCE"]
[BlackTeam "SD VRHNIKA"]

1. c4 c5 2. Nf3 Nf6 3. d4 cxd4 4. Nxd4 Nc6 5. Nc3 Nxd4 6. Qxd4 e6 7. e4 Bb4 8.
e5 Bxc3+ 9. bxc3 Ng8 10. Ba3 Ne7 11. Bd3 Nc6 12. Qc5 Qg5 13. O-O Qxe5 14. Rfe1
Qxc3 15. Be4 Qa5 16. Qd6 Qe5 17. Qd3 Qd4 18. Qe2 Qf6 19. Rad1 Ne7 20. Rd3 O-O
21. Rf3 Qg5 22. h4 Qxh4 23. Rh3 Qf6 24. Bxh7+ Kh8 25. Bg6+ Kg8 26. Rh8+ Kxh8
27. Qh5+ 1-0

[Event "II. CLANSKA LIGA ZAHOD 2025"]
[Site "Komenda"]
[Date "2025.11.16"]
[Round "5.5"]
[White "Sever, Florjan"]
[Black "Mali, Miha"]
[Result "0-1"]
[WhiteElo "1519"]
[BlackElo "1965"]
[PlyCount "98"]
[EventDate "2025.11.14"]
[WhiteTeam "SD VRHNIKA"]
[BlackTeam "SD GORENJKA LESCE"]

1. e4 e5 2. Nf3 Nc6 3. Bc4 Nf6 4. d3 Bc5 5. O-O d6 6. h3 Ne7 7. Re1 Ng6 8. Nc3
O-O 9. Bg5 Be6 10. Nd5 Bxd5 11. Bxd5 c6 12. Bb3 Qb6 13. Qd2 Nh5 14. Be3 Nhf4
15. c3 Bxe3 16. Qxe3 Qxe3 17. Rxe3 a5 18. d4 a4 19. Bc2 f6 20. b3 b5 21. Rd1
Rfd8 22. c4 bxc4 23. bxc4 exd4 24. Ra3 c5 25. Kf1 Ne5 26. Nxe5 dxe5 27. Rxa4
Rxa4 28. Bxa4 Ra8 29. Bb3 h5 30. h4 Ng6 31. g3 Ne7 32. Rd2 Nc6 33. Bd1 g6 34.
Kg2 Kg7 35. Kh3 Na5 36. Be2 Rb8 37. Rc2 Rb4 38. g4 Kh6 39. Kg3 Ra4 40. gxh5
Ra3+ 41. Bf3 d3 42. Rb2 Nxc4 43. Rb3 Rxb3 44. axb3 Nd2 45. Bd1 Nxe4+ 46. Kf3
Nc3 47. b4 cxb4 48. Bb3 d2 49. hxg6 Kxg6 0-1

[Event "II. CLANSKA LIGA ZAHOD 2025"]
[Site "Komenda"]
[Date "2025.11.22"]
[Round "6.1"]
[White "Skrbec, Leon"]
[Black "Bratovic, Blaz"]
[Result "1-0"]
[WhiteElo "2276"]
[BlackElo "2292"]
[PlyCount "87"]
[EventDate "2025.11.14"]
[WhiteTeam "SK POSTOJNA"]
[BlackTeam "SD GORENJKA LESCE"]

1. e4 c5 2. Nf3 d6 3. d4 cxd4 4. Nxd4 Nf6 5. Nc3 a6 6. Be3 e5 7. Nb3 Be6 8. f3
h5 9. Qd2 Nbd7 10. Nd5 Bxd5 11. exd5 g6 12. Be2 Qc7 13. Rc1 Bg7 14. O-O O-O 15.
Na5 e4 16. f4 Ng4 17. Bxg4 hxg4 18. c4 Nc5 19. b4 Nd3 20. Rc2 b6 21. Nc6 f5 22.
a3 Rfe8 23. Nd4 Rab8 24. Nb3 Bf6 25. Nd4 Qd7 26. Nc6 Rb7 27. a4 Rc8 28. Rb1 Qh7
29. a5 g3 30. h3 bxa5 31. Nxa5 Rf7 32. Nc6 g5 33. fxg5 Be5 34. Qe2 Re8 35. Nxe5
dxe5 36. Ra2 Qg6 37. b5 axb5 38. cxb5 f4 39. Ra6 Qxg5 40. Bd2 f3 41. Qxd3 Qh4
42. Qe3 Rf4 43. Qa7 Rg4 44. Rh6 1-0

[Event "II. CLANSKA LIGA ZAHOD 2025"]
[Site "Komenda"]
[Date "2025.11.22"]
[Round "6.1"]
[White "Mencinger, Vojko"]
[Black "Cepon, Dusan"]
[Result "1-0"]
[WhiteElo "2259"]
[BlackElo "2012"]
[PlyCount "61"]
[EventDate "2025.11.14"]
[WhiteTeam "SD GORENJKA LESCE"]
[BlackTeam "SK POSTOJNA"]

1. e4 c5 2. Nf3 e6 3. d4 cxd4 4. Nxd4 Nc6 5. Nc3 Qc7 6. Be3 a6 7. Qf3 b5 8. Qg3
Qxg3 9. hxg3 Bb7 10. g4 Nxd4 11. Bxd4 b4 12. Na4 Rc8 13. Bd3 d6 14. O-O-O Nf6
15. f3 Nd7 16. b3 Nc5 17. Nxc5 dxc5 18. Bb2 h6 19. g5 Rg8 20. gxh6 gxh6 21. g4
Be7 22. Kb1 Bg5 23. Be5 f6 24. f4 fxe5 25. fxg5 Rxg5 26. Rxh6 Rxg4 27. Rxe6+
Kf8 28. Rxe5 Rc7 29. Rf1+ Kg7 30. Rff5 c4 31. bxc4 1-0

[Event "II. CLANSKA LIGA ZAHOD 2025"]
[Site "Komenda"]
[Date "2025.11.22"]
[Round "6.1"]
[White "Beber, Anja"]
[Black "Petek, Pavel"]
[Result "1-0"]
[WhiteElo "1930"]
[BlackElo "2100"]
[PlyCount "49"]
[EventDate "2025.11.14"]
[WhiteTeam "SK POSTOJNA"]
[BlackTeam "SD GORENJKA LESCE"]

1. d4 Nf6 2. Nf3 g6 3. c4 Bg7 4. Nc3 O-O 5. e4 d6 6. h3 Nbd7 7. Be3 b6 8. Qc2
e5 9. d5 Bb7 10. g4 a5 11. Be2 Nc5 12. Nd2 Nfd7 13. g5 f5 14. gxf6 Qxf6 15.
O-O-O h6 16. Rdg1 Rf7 17. Rg2 Nf8 18. h4 Kh7 19. Nf3 Qe7 20. Qd2 Ncd7 21. h5 g5
22. Bxg5 hxg5 23. Nxg5+ Kg8 24. Nxf7 Kxf7 25. h6 1-0

[Event "II. CLANSKA LIGA ZAHOD 2025"]
[Site "Komenda"]
[Date "2025.11.22"]
[Round "6.1"]
[White "Petek, Primoz"]
[Black "Filippovskiy, Nikita"]
[Result "1-0"]
[WhiteElo "2043"]
[BlackElo "1807"]
[PlyCount "75"]
[EventDate "2025.11.14"]
[WhiteTeam "SD GORENJKA LESCE"]
[BlackTeam "SK POSTOJNA"]

1. c4 Nf6 2. g3 g6 3. Bg2 Bg7 4. Nf3 d6 5. O-O O-O 6. Nc3 Nc6 7. Rb1 e5 8. d3
h6 9. b4 Nh7 10. b5 Ne7 11. Qc2 f5 12. a4 g5 13. Ba3 f4 14. c5 d5 15. c6 bxc6
16. bxc6 Be6 17. Nd2 Rf7 18. Bxe7 Rxe7 19. Rb7 g4 20. a5 a6 21. Na4 Ng5 22. Nc5
Qd6 23. Nxe6 Nxe6 24. Nb3 Rf7 25. Rc1 e4 26. dxe4 Nd4 27. Nxd4 Bxd4 28. gxf4
Bxf2+ 29. Kxf2 Qxf4+ 30. Kg1 Qe3+ 31. Kh1 Raf8 32. Rb3 Qg5 33. Qc5 Rf2 34.
Qxd5+ Qxd5 35. exd5 Rxe2 36. d6 Rfe8 37. Bd5+ Kg7 38. Rb7 1-0

[Event "II. CLANSKA LIGA ZAHOD 2025"]
[Site "Komenda"]
[Date "2025.11.22"]
[Round "6.1"]
[White "Pridigar, Lovro"]
[Black "Pavlin, Damijan"]
[Result "0-1"]
[WhiteElo "1974"]
[BlackElo "1963"]
[PlyCount "118"]
[EventDate "2025.11.14"]
[WhiteTeam "SK POSTOJNA"]
[BlackTeam "SD GORENJKA LESCE"]

1. d4 Nf6 2. Bg5 c5 3. Bxf6 gxf6 4. dxc5 Qa5+ 5. Nc3 Qxc5 6. e4 Bg7 7. Qd2 a6
8. O-O-O b5 9. Qd5 Qxd5 10. Nxd5 Ra7 11. f3 d6 12. Bd3 Nd7 13. Kb1 Bh6 14. Ne2
e6 15. Ndf4 Ne5 16. Nh5 Ke7 17. Nd4 Rc7 18. Ng3 Rg8 19. Rhe1 Bd7 20. b3 Rgc8
21. Re2 Nxd3 22. Rxd3 b4 23. Rd1 a5 24. a4 bxa3 25. Ka2 Rc3 26. Kxa3 a4 27. Kb2
axb3 28. Nxb3 Bb5 29. Red2 Bxd2 30. Rxd2 Ba4 31. Ne2 R3c4 32. Nec1 Bxb3 33.
Nxb3 h5 34. h4 Ra8 35. Re2 Kf8 36. Rd2 Ra6 37. Rd3 Kg7 38. Nd2 Rb6+ 39. Rb3
Rcb4 40. Ka3 R4b5 41. Ka4 Rxb3 42. cxb3 Ra6+ 43. Kb5 Ra2 44. Nc4 d5 45. exd5
exd5 46. Ne3 Rd2 47. Kc5 Rd3 48. Nf5+ Kf8 49. Nd4 Rd2 50. g3 Rg2 51. b4 Ke8 52.
b5 Kd8 53. Kxd5 Kc7 54. Kc5 Rxg3 55. b6+ Kb7 56. Nc6 Rxf3 57. Na5+ Kc8 58. b7+
Kc7 59. Kd5 Rf5+ 0-1

[Event "II. CLANSKA LIGA ZAHOD 2025"]
[Site "Komenda"]
[Date "2025.11.22"]
[Round "6.1"]
[White "Lanjscek, Miha"]
[Black "Markovcic, Gregor"]
[Result "1-0"]
[WhiteElo "1842"]
[BlackElo "1730"]
[PlyCount "61"]
[EventDate "2025.11.14"]
[WhiteTeam "SD GORENJKA LESCE"]
[BlackTeam "SK POSTOJNA"]

1. d4 Nf6 2. c4 e6 3. Nc3 d5 4. cxd5 exd5 5. Bg5 Be7 6. Qc2 c6 7. Bxf6 Bxf6 8.
Nf3 Na6 9. e3 Nc7 10. Bd3 g6 11. h4 Bg4 12. Ne5 Bxe5 13. dxe5 O-O 14. f3 Bd7
15. h5 Kg7 16. f4 Bg4 17. Be2 Bxe2 18. Nxe2 Qe7 19. O-O-O Na6 20. a3 Nc7 21.
Rh3 c5 22. Rdh1 Rh8 23. f5 Qxe5 24. h6+ Kg8 25. fxg6 fxg6 26. Rf3 Ne6 27. Rhf1
Re8 28. Nf4 Nxf4 29. Rxf4 Qxe3+ 30. Kb1 Qe7 31. Qf2 1-0

[Event "II. CLANSKA LIGA ZAHOD 2025"]
[Site "Komenda"]
[Date "2025.11.22"]
[Round "6.2"]
[White "Sajn, Simon"]
[Black "Kobal, Peter"]
[Result "1/2-1/2"]
[WhiteElo "2084"]
[BlackElo "1894"]
[PlyCount "66"]
[EventDate "2025.11.14"]
[WhiteTeam "SK RIMEX ILIRSKA BISTRICA"]
[BlackTeam "SD VRHNIKA"]

1. d4 Nf6 2. Nf3 g6 3. c4 Bg7 4. Nc3 d5 5. cxd5 Nxd5 6. Bd2 c5 7. e4 Nxc3 8.
Bxc3 cxd4 9. Nxd4 O-O 10. Be2 Qb6 11. Nb3 Bxc3+ 12. bxc3 Nc6 13. O-O Rd8 14.
Qc2 Be6 15. Rab1 Rac8 16. Qb2 Rd7 17. Qa3 Bxb3 18. Rxb3 Qc7 19. Bb5 a6 20. Bxc6
Qxc6 21. Qb4 Qc4 22. g3 Qxb4 23. cxb4 Rc2 24. a3 Rdd2 25. b5 a5 26. b6 Re2 27.
Rb5 Rxe4 28. Rxa5 Rb2 29. Rc5 Rxb6 30. Rc2 Kg7 31. Rd1 Rb3 32. Rd7 b5 33. Rb7
Rxa3 1/2-1/2

[Event "II. CLANSKA LIGA ZAHOD 2025"]
[Site "Komenda"]
[Date "2025.11.22"]
[Round "6.2"]
[White "Markovic, Jelena"]
[Black "Bradac, Simon"]
[Result "0-1"]
[WhiteElo "1747"]
[BlackElo "1920"]
[PlyCount "34"]
[EventDate "2025.11.14"]
[WhiteTeam "SD VRHNIKA"]
[BlackTeam "SK RIMEX ILIRSKA BISTRICA"]

1. d4 d5 2. Nf3 Nf6 3. c4 c6 4. Nc3 dxc4 5. e4 b5 6. a3 e6 7. b3 cxb3 8. Qxb3
Be7 9. Be2 O-O 10. O-O a6 11. Bg5 Nbd7 12. Qc2 Bb7 13. Bd3 h6 14. Bh4 c5 15.
Qe2 cxd4 16. Nxd4 Ne5 17. f4 Qxd4+ 0-1

[Event "II. CLANSKA LIGA ZAHOD 2025"]
[Site "Komenda"]
[Date "2025.11.22"]
[Round "6.2"]
[White "Praznik, Nikolaj"]
[Black "Smolej, Ziga"]
[Result "0-1"]
[WhiteElo "1463"]
[BlackElo "1855"]
[PlyCount "64"]
[EventDate "2025.11.14"]
[WhiteTeam "SD VRHNIKA"]
[BlackTeam "SK RIMEX ILIRSKA BISTRICA"]

1. e4 c5 2. Nf3 d6 3. Bb5+ Bd7 4. Bxd7+ Qxd7 5. O-O Nc6 6. d4 cxd4 7. Nxd4 Nxd4
8. Qxd4 Nf6 9. Rd1 e5 10. Qd3 Be7 11. Bd2 O-O 12. Bb4 Rfd8 13. Nc3 Qc6 14. Rd2
a5 15. Ba3 Ra6 16. Nd5 Nxd5 17. Qxd5 b5 18. b3 Qc3 19. Rb1 Bg5 20. Bb2 Qxd2 21.
Qxb5 Qxc2 22. Qf1 Rc6 23. g3 Qxe4 24. h4 Bh6 25. Re1 Qf3 26. Qh3 Rc2 27. Bd4
exd4 28. Qh2 Be3 29. Rf1 Rxf2 30. Rxf2 Qxf2+ 31. Qxf2 Bxf2+ 32. Kxf2 Re8 0-1

[Event "II. CLANSKA LIGA ZAHOD 2025"]
[Site "Komenda"]
[Date "2025.11.22"]
[Round "6.2"]
[White "Delost, Josko"]
[Black "Sever, Florjan"]
[Result "1-0"]
[WhiteElo "1798"]
[BlackElo "1519"]
[PlyCount "61"]
[EventDate "2025.11.14"]
[WhiteTeam "SK RIMEX ILIRSKA BISTRICA"]
[BlackTeam "SD VRHNIKA"]

1. e4 e5 2. Nf3 Nc6 3. Bc4 Bc5 4. c3 Nf6 5. d3 O-O 6. O-O d6 7. a4 Re8 8. b4
Bxb4 9. cxb4 Nxb4 10. Qb3 d5 11. exd5 Nbxd5 12. Bg5 Qd7 13. Nbd2 h6 14. Bh4 a6
15. Rfe1 c6 16. Nxe5 Qd8 17. Bxf6 gxf6 18. Nef3 Rxe1+ 19. Rxe1 Rb8 20. Bxd5
cxd5 21. Nd4 Qd7 22. N2f3 Ra8 23. h3 Kh7 24. Qb4 Kg8 25. a5 Rb8 26. Qb6 Kg7 27.
Nh4 Qa4 28. Nhf5+ Bxf5 29. Nxf5+ Kh7 30. Qxf6 Rg8 31. Qxh6# 1-0

[Event "II. CLANSKA LIGA ZAHOD 2025"]
[Site "Komenda"]
[Date "2025.11.22"]
[Round "6.3"]
[White "Vrcon, Damijan"]
[Black "Zirkelbach, Maj"]
[Result "0-1"]
[WhiteElo "2204"]
[BlackElo "2260"]
[PlyCount "60"]
[EventDate "2025.11.14"]
[WhiteTeam "SK VAL KOPER"]
[BlackTeam "SD KRKA NOVO MESTO"]

1. Nf3 d5 2. g3 c6 3. Bg2 Nf6 4. O-O Bg4 5. Ne5 Bh5 6. c4 Nbd7 7. d4 e6 8. Bf4
Nxe5 9. dxe5 Nd7 10. cxd5 cxd5 11. Nc3 g5 12. Be3 Bg7 13. Rc1 O-O 14. Qb3 Nxe5
15. Rfd1 b6 16. Nb5 Bxe2 17. Rd2 Bc4 18. Qa4 Qe8 19. Nc3 Qxa4 20. Nxa4 Bxa2 21.
Bxg5 Rfc8 22. Ra1 Bb3 23. Re2 b5 24. Nc3 b4 25. Na4 Nc4 26. Be7 Bf8 27. Bxf8
Kxf8 28. f4 Rc6 29. f5 Kg7 30. fxe6 fxe6 0-1

[Event "II. CLANSKA LIGA ZAHOD 2025"]
[Site "Komenda"]
[Date "2025.11.22"]
[Round "6.3"]
[White "Lauda, Alexandr"]
[Black "Matijevic, Filip"]
[Result "1/2-1/2"]
[WhiteElo "2230"]
[BlackElo "2153"]
[PlyCount "145"]
[EventDate "2025.11.14"]
[WhiteTeam "SD KRKA NOVO MESTO"]
[BlackTeam "SK VAL KOPER"]

1. e4 e5 2. Nf3 Nc6 3. Bc4 Nf6 4. d3 Be7 5. O-O O-O 6. Re1 d6 7. a4 h6 8. a5 a6
9. c3 Nh7 10. Be3 Ng5 11. Nxg5 Bxg5 12. Qh5 Bxe3 13. Rxe3 Qg5 14. Qxg5 hxg5 15.
Nd2 g6 16. Rg3 g4 17. f3 gxf3 18. Rxg6+ Kh7 19. Rf6 fxg2 20. Kxg2 Be6 21. Kf2
Kg7 22. Rf3 Rfe8 23. Rg1+ Kf8 24. Bxe6 Rxe6 25. Nc4 Rh6 26. h3 Rh7 27. b4 Ke7
28. Ne3 Rah8 29. Rgg3 Kd8 30. Nd5 Ne7 31. Nxe7 Kxe7 32. Kg2 b6 33. axb6 cxb6
34. c4 a5 35. Rf2 a4 36. Ra2 Ra8 37. Ra3 b5 38. cxb5 Kd7 39. d4 exd4 40. Rgd3
Rh5 41. b6 Rb5 42. Rxd4 Rxb6 43. b5 Rxb5 44. Raxa4 Rg8+ 45. Kf2 Rb2+ 46. Kf3
Rb3+ 47. Kf2 Rc8 48. e5 Rc2+ 49. Ke1 Rxh3 50. Rxd6+ Ke7 51. Kd1 Rb2 52. Ra7+
Kf8 53. Kc1 Re2 54. Rd8+ Kg7 55. Rd2 Rh1+ 56. Kc2 Rhh2 57. Rad7 Kg6 58. e6 fxe6
59. Rxe2 Rxe2+ 60. Kd1 Ra2 61. Rd3 Kf5 62. Ke1 Ke4 63. Rb3 e5 64. Rh3 Kf4 65.
Rb3 e4 66. Rc3 Ke5 67. Rb3 Kd5 68. Rc3 Kd4 69. Rb3 Kc4 70. Rg3 Ra1+ 71. Kd2
Ra2+ 72. Ke1 Rh2 73. Ra3 1/2-1/2

[Event "II. CLANSKA LIGA ZAHOD 2025"]
[Site "Komenda"]
[Date "2025.11.22"]
[Round "6.3"]
[White "Starc, Enej"]
[Black "Zupancic, Urban"]
[Result "0-1"]
[WhiteElo "1961"]
[BlackElo "2024"]
[PlyCount "100"]
[EventDate "2025.11.14"]
[WhiteTeam "SK VAL KOPER"]
[BlackTeam "SD KRKA NOVO MESTO"]

1. e4 c5 2. Nf3 d6 3. Bb5+ Bd7 4. Bxd7+ Qxd7 5. c4 Nc6 6. d4 cxd4 7. Nxd4 Nf6
8. Nc3 g6 9. f3 Bg7 10. Be3 O-O 11. Rc1 Rac8 12. Qd2 Nxd4 13. Bxd4 Rxc4 14.
Bxa7 b5 15. Be3 b4 16. Ne2 Rxc1+ 17. Nxc1 Qb5 18. Nd3 b3 19. axb3 Qxb3 20. Nc1
Qb5 21. Bd4 Rb8 22. Ne2 Nd7 23. O-O Bxd4+ 24. Nxd4 Qxb2 25. Qxb2 Rxb2 26. Ra1
Ne5 27. Rf1 Kg7 28. Ne2 Kf6 29. Rd1 Nc4 30. Kf2 Rc2 31. f4 e6 32. Rd3 Rb2 33.
Ke1 Rb1+ 34. Kf2 Rb2 35. Ke1 Ke7 36. g4 Kd7 37. Rh3 h5 38. gxh5 gxh5 39. Rxh5
Nd2 40. e5 dxe5 41. fxe5 Nf3+ 42. Kf1 Rb5 43. Kg2 Rxe5 44. Rh7 Ng5 45. Rg7
Rxe2+ 46. Kf1 Rxh2 47. Rxg5 f5 48. Ke1 Kd6 49. Rg8 Kd5 50. Re8 e5 0-1

[Event "II. CLANSKA LIGA ZAHOD 2025"]
[Site "Komenda"]
[Date "2025.11.22"]
[Round "6.3"]
[White "Rifelj, Luka"]
[Black "Cepin, Nik"]
[Result "1-0"]
[WhiteElo "1985"]
[BlackElo "1719"]
[PlyCount "131"]
[EventDate "2025.11.14"]
[WhiteTeam "SD KRKA NOVO MESTO"]
[BlackTeam "SK VAL KOPER"]

1. d4 Nf6 2. Nf3 g6 3. c4 Bg7 4. Nc3 d5 5. cxd5 Nxd5 6. Bd2 Nb6 7. Bf4 c5 8.
dxc5 Qxd1+ 9. Rxd1 Bxc3+ 10. bxc3 N6d7 11. h4 h6 12. e3 Nxc5 13. Bb5+ Bd7 14.
Nd4 a6 15. Be2 f6 16. Nb3 Nxb3 17. axb3 e5 18. Bg3 Nc6 19. O-O Ke7 20. e4 Be6
21. b4 Rad8 22. f3 g5 23. hxg5 hxg5 24. Bf2 Rxd1 25. Rxd1 Rd8 26. Bc5+ Ke8 27.
Rxd8+ Kxd8 28. Kf2 Kd7 29. Ke3 b5 30. g3 Ba2 31. f4 exf4+ 32. gxf4 gxf4+ 33.
Kxf4 Ke6 34. Bg4+ Kf7 35. Bc8 Ne5 36. Bxa6 Bc4 37. Bb7 Ke6 38. Bc8+ Kf7 39. Bd6
Ng6+ 40. Ke3 Ne5 41. Kd4 Nd3 42. Bb7 Nb2 43. e5 fxe5+ 44. Bxe5 Ke7 45. Bc6 Ke6
46. Bf4 Nd3 47. Bg3 Nb2 48. Bg2 Na4 49. Bh3+ Ke7 50. Bc7 Be2 51. Bf5 Bf1 52.
Bc2 Nb2 53. Kc5 Na4+ 54. Bxa4 bxa4 55. Be5 Kd7 56. b5 Kc8 57. Kb4 a3 58. c4 Kb7
59. c5 Bh3 60. c6+ Kb6 61. Bd4+ Kc7 62. Kc5 Bc8 63. Be5+ Kd8 64. b6 a2 65. Bf6+
Ke8 66. b7 1-0

[Event "II. CLANSKA LIGA ZAHOD 2025"]
[Site "Komenda"]
[Date "2025.11.22"]
[Round "6.3"]
[White "Cepin, Drago"]
[Black "Hudoklin, Jurij"]
[Result "0-1"]
[WhiteElo "1710"]
[BlackElo "1824"]
[PlyCount "130"]
[EventDate "2025.11.14"]
[WhiteTeam "SK VAL KOPER"]
[BlackTeam "SD KRKA NOVO MESTO"]

1. e4 c5 2. Nc3 e6 3. f4 Nc6 4. Nf3 Nge7 5. d4 cxd4 6. Nxd4 Nxd4 7. Qxd4 Nc6 8.
Qd1 Bb4 9. a3 Bxc3+ 10. bxc3 d5 11. e5 f6 12. Qh5+ g6 13. Qh6 fxe5 14. Qg7 Rf8
15. Bb5 exf4 16. Bd2 Qh4+ 17. Kd1 Bd7 18. Re1 O-O-O 19. Bxc6 Bxc6 20. Rxe6 Qg4+
21. Re2 Rfe8 22. Qd4 Rxe2 23. Kc1 Qxg2 24. Qxf4 Rxd2 25. Qxd2 Qxd2+ 26. Kxd2
Rf8 27. Ke3 Rf5 28. Rd1 Rh5 29. Rd2 Rh4 30. Rf2 Re4+ 31. Kd2 Kd7 32. Rf7+ Re7
33. Rf4 Bb5 34. a4 Bc4 35. h4 a5 36. Rf6 Kc7 37. Rf4 b5 38. axb5 Bxb5 39. Kc1
Bc4 40. Kb2 Kb6 41. Rf2 Re4 42. Rh2 h6 43. Rg2 Rxh4 44. Rxg6+ Kc5 45. Rg8 h5
46. Rc8+ Kb6 47. Rb8+ Ka7 48. Rh8 Rh1 49. Rh7+ Kb6 50. Rh6+ Kc5 51. Rh8 h4 52.
Rc8+ Kb6 53. Rb8+ Ka7 54. Rh8 h3 55. Rh7+ Kb6 56. Rh6+ Kc5 57. Rh8 h2 58. Rc8+
Kd6 59. Rd8+ Kc7 60. Rh8 Bb5 61. Rh7+ Bd7 62. c4 dxc4 63. Kc3 a4 64. Kxc4 a3
65. Kb3 Rb1+ 0-1

[Event "II. CLANSKA LIGA ZAHOD 2025"]
[Site "Komenda"]
[Date "2025.11.22"]
[Round "6.4"]
[White "Demsar, Maks"]
[Black "Simnic, Franci"]
[Result "*"]
[WhiteElo "2116"]
[BlackElo "1834"]
[PlyCount "66"]
[EventDate "2025.11.14"]
[WhiteTeam "DRUSTVO TOMO ZUPAN"]
[BlackTeam "SD RADOVLJICA"]

1. e4 c5 2. Nf3 d6 3. d4 cxd4 4. Nxd4 a6 5. c4 Nf6 6. Nc3 e6 7. Be3 Be7 8. Nc2
Qc7 9. Be2 O-O 10. O-O Nbd7 11. Rc1 Re8 12. Qd2 Ne5 13. b3 b6 14. f3 Bb7 15.
Rfd1 Rad8 16. Qe1 h6 17. Qf2 Nfd7 18. Nd4 Bf8 19. f4 Nc6 20. Bf3 Nc5 21. Qg3
Nxd4 22. Rxd4 d5 23. exd5 exd5 24. Nxd5 Bxd5 25. Bxd5 Qe7 26. Bf2 Qe2 27. Rcd1
Ne4 28. Qe3 Nxf2 29. Qxe2 Rxe2 30. Kf1 Nxd1 31. Bxf7+ Kxf7 32. Rxd8 Nc3 33. Rd3
Rc2 *

[Event "II. CLANSKA LIGA ZAHOD 2025"]
[Site "Komenda"]
[Date "2025.11.22"]
[Round "6.4"]
[White "Krivec, Metod"]
[Black "Sajovic, Marko"]
[Result "1/2-1/2"]
[WhiteElo "1840"]
[BlackElo "2030"]
[PlyCount "101"]
[EventDate "2025.11.14"]
[WhiteTeam "SD RADOVLJICA"]
[BlackTeam "DRUSTVO TOMO ZUPAN"]

1. d4 d5 2. c4 e6 3. Nf3 Nf6 4. Nc3 Be7 5. e3 O-O 6. Qc2 b6 7. cxd5 exd5 8. Bd3
c5 9. b3 Nc6 10. a3 Bb7 11. O-O Rc8 12. Bf5 Rb8 13. Rd1 Na5 14. Bb2 c4 15. b4
Nb3 16. Rab1 a5 17. bxa5 g6 18. Bh3 bxa5 19. a4 Re8 20. Nd2 Bc6 21. Nxb3 Rxb3
22. Ra1 Bd6 23. Ra2 Ne4 24. Nxe4 Rxe4 25. Bc3 Rh4 26. Be1 Rh5 27. Qe2 f5 28.
Qf1 Qb6 29. g3 Bb4 30. Bg2 Bxe1 31. Rxe1 Qb4 32. Bf3 Rh6 33. Rea1 g5 34. Bg2
Re6 35. Qc1 h6 36. h3 Kg7 37. Qc2 Rf6 38. Bf3 f4 39. gxf4 gxf4 40. Kh1 Qe7 41.
Rg1+ Kh8 42. Raa1 fxe3 43. Qe2 Qe6 44. Rg3 Qf5 45. Rag1 Rb8 46. fxe3 c3 47. Qg2
Qe6 48. Bg4 Qf7 49. Bh5 Qe7 50. Bg4 Rf7 51. Bh5 1/2-1/2

[Event "II. CLANSKA LIGA ZAHOD 2025"]
[Site "Komenda"]
[Date "2025.11.22"]
[Round "6.4"]
[White "Mlacnik, Franc"]
[Black "Torkar, Boris"]
[Result "1-0"]
[WhiteElo "1972"]
[BlackElo "1858"]
[PlyCount "24"]
[EventDate "2025.11.14"]
[WhiteTeam "DRUSTVO TOMO ZUPAN"]
[BlackTeam "SD RADOVLJICA"]

1. e4 e6 2. d4 d5 3. exd5 exd5 4. c4 Nf6 5. Nc3 Be7 6. Nf3 O-O 7. Bd3 Bg4 8.
cxd5 Nxd5 9. Be4 Bb4 10. O-O Bxc3 11. bxc3 Nxc3 12. Qb3 Bd7 {nejasno (31)} 1-0

[Event "II. CLANSKA LIGA ZAHOD 2025"]
[Site "Komenda"]
[Date "2025.11.22"]
[Round "6.4"]
[White "Bec, Alojz"]
[Black "Muri, Emil"]
[Result "1/2-1/2"]
[WhiteElo "1865"]
[BlackElo "1870"]
[PlyCount "40"]
[EventDate "2025.11.14"]
[WhiteTeam "SD RADOVLJICA"]
[BlackTeam "DRUSTVO TOMO ZUPAN"]

1. e4 d6 2. Nc3 e5 3. Bc4 Nf6 4. h3 Nbd7 5. a3 Be7 6. Nf3 O-O 7. O-O c6 8. d3
h6 9. Nh2 Nb6 10. Ba2 d5 11. exd5 Nbxd5 12. Bd2 Be6 13. Qe2 Qc7 14. Nf3 Bd6 15.
Rfe1 Nd7 16. Ne4 Be7 17. Nc3 Bd6 18. Ne4 Be7 19. Nc3 Bd6 20. Ne4 Be7 1/2-1/2

[Event "II. CLANSKA LIGA ZAHOD 2025"]
[Site "Komenda"]
[Date "2025.11.22"]
[Round "6.4"]
[White "Rogelj, Tomaz"]
[Black "Blaznik, Vojko"]
[Result "1-0"]
[WhiteElo "1589"]
[BlackElo "1791"]
[PlyCount "135"]
[EventDate "2025.11.14"]
[WhiteTeam "DRUSTVO TOMO ZUPAN"]
[BlackTeam "SD RADOVLJICA"]

1. e4 e5 2. Nf3 Nc6 3. Bc4 h6 4. d4 d6 5. dxe5 dxe5 6. Qxd8+ Kxd8 7. Bxf7 Bg4
8. Nbd2 Nf6 9. O-O Bc5 10. Bg6 Ke7 11. h3 Be6 12. b3 b5 13. Bb2 Bd6 14. Rad1 a5
15. Nh4 a4 16. Nf5+ Bxf5 17. Bxf5 axb3 18. axb3 Ra2 19. Rb1 Kf7 20. Rfd1 g6 21.
Bg4 h5 22. Bf3 Nd4 23. Bxd4 exd4 24. Be2 c6 25. Bd3 Nd7 26. Nf3 Be5 27. g3 Kf6
28. Ne1 g5 29. Ng2 Rg8 30. Ra1 Rga8 31. Rxa2 Rxa2 32. f4 gxf4 33. gxf4 Bc7 34.
Re1 Ra8 35. e5+ Ke7 36. Nh4 Rg8+ 37. Kf2 Nc5 38. Nf5+ Kd7 39. Nxd4 Nxd3+ 40.
cxd3 Bb6 41. Ke3 Rg3+ 42. Ke4 Rxh3 43. e6+ Kd6 44. Kf5 Bd8 45. Rc1 c5 46. Nxb5+
Kd5 47. Rd1 Re3 48. d4 c4 49. bxc4+ Kxc4 50. Nd6+ Kd5 51. Nf7 Be7 52. Ne5 Bd8
53. Ra1 Bh4 54. Ng6 Be1 55. e7 Bb4 56. Ra7 Kxd4 57. Ne5 Bxe7 58. Rxe7 h4 59.
Rh7 h3 60. Rd7+ Kc3 61. Kf6 Rg3 62. Rh7 Kd4 63. Ke6 Ke3 64. f5 Kf2 65. f6 Ra3
66. f7 Ra6+ 67. Kf5 Ra8 68. Rxh3 1-0

[Event "II. CLANSKA LIGA ZAHOD 2025"]
[Site "Komenda"]
[Date "2025.11.22"]
[Round "6.5"]
[White "Kampus, Andrej"]
[Black "Rodman, Franc"]
[Result "0-1"]
[WhiteElo "2066"]
[BlackElo "1978"]
[PlyCount "76"]
[EventDate "2025.11.14"]
[WhiteTeam "SK DOL PRI LJUBLJANI"]
[BlackTeam "SD JESENICE"]

1. e4 e5 2. Bc4 Nf6 3. d3 Bc5 4. Nc3 O-O 5. f4 d5 6. Nxd5 Be6 7. Nxf6+ Qxf6 8.
Qf3 Bxc4 9. dxc4 exf4 10. Qxf4 Qd4 11. e5 Nc6 12. Ne2 Qxe5 13. Qxe5 Nxe5 14.
Bf4 Rfe8 15. Bxe5 Rxe5 16. Rd1 Rae8 17. Rd2 Be3 18. Rd5 Bf2+ 19. Kxf2 Rxe2+ 20.
Kf3 Rxc2 21. b3 Rxa2 22. Rhd1 Ra6 23. R1d3 Rf6+ 24. Kg3 h6 25. Rd7 Rfe6 26.
Rxc7 Re3+ 27. Rxe3 Rxe3+ 28. Kf4 Rxb3 29. h4 g6 30. g4 Kg7 31. Ke5 Rb6 32. g5
hxg5 33. hxg5 a5 34. c5 Rc6 35. Rxb7 Rxc5+ 36. Kf4 Rf5+ 37. Kg4 Kf8 38. Ra7 Ke8
0-1

[Event "II. CLANSKA LIGA ZAHOD 2025"]
[Site "Komenda"]
[Date "2025.11.22"]
[Round "6.5"]
[White "Jeraj, Zlatko"]
[Black "Arlic, Nejc"]
[Result "0-1"]
[WhiteElo "2001"]
[BlackElo "1838"]
[PlyCount "116"]
[EventDate "2025.11.14"]
[WhiteTeam "SD JESENICE"]
[BlackTeam "SK DOL PRI LJUBLJANI"]

1. d4 f5 2. c4 Nf6 3. Nc3 g6 4. Bg5 Bg7 5. Qc2 O-O 6. O-O-O d6 7. h3 Na6 8. e3
c5 9. Nf3 Bd7 10. a3 Rb8 11. Bd3 Qe8 12. Rhe1 e5 13. dxe5 dxe5 14. Bxf6 Bxf6
15. e4 f4 16. Nd5 Bg7 17. Rd2 Kh8 18. Red1 b5 19. cxb5 Bxb5 20. Bxb5 Qxb5 21.
Nc3 Qa5 22. Rd7 Nc7 23. Nd2 Ne6 24. Nc4 Qa6 25. Ne2 Nd4 26. Nxd4 cxd4 27. b3 f3
28. g3 Rfc8 29. Rd3 Qc6 30. Rd5 Qe6 31. Rxf3 Qxh3 32. Kb2 Qe6 33. Ka2 Rd8 34.
Rxd8+ Rxd8 35. Qd3 Rc8 36. Qe2 h5 37. Rd3 Rf8 38. f3 Qf6 39. Qh2 Kg8 40. Qh3
Qg5 41. Nd2 Kh7 42. a4 Qe7 43. Nc4 Qg5 44. Qh2 Qf6 45. Qg2 Qg5 46. Na3 h4 47.
g4 Qf4 48. Nc2 g5 49. b4 Rc8 50. Kb2 Bf8 51. b5 Rc4 52. Kb3 Qf7 53. Kb2 Rxa4
54. Rb3 Qc4 55. Qd2 Kg6 56. b6 axb6 57. Rxb6+ Kf7 58. Qxg5 Ra2+ 0-1